Welcome to the Holygrace Academy Library

Please use search bar below to get started

UMMACHU (Record no. 6804)

MARC details
000 -LEADER
fixed length control field 00567nam a22001457a 4500
020 ## - INTERNATIONAL STANDARD BOOK NUMBER
ISBN 81-7130-230-0
082 ## - DEWEY DECIMAL CLASSIFICATION NUMBER
Classification number 823
Item number URO/U
100 ## - MAIN ENTRY--AUTHOR NAME
Personal name OROOB
245 ## - TITLE STATEMENT
Title UMMACHU
260 ## - PUBLICATION, DISTRIBUTION, ETC. (IMPRINT)
Place of publication KOTTAYAM
Name of publisher DC BOOKS
Year of publication 2022
300 ## - PHYSICAL DESCRIPTION
Number of Pages 200
520 ## - SUMMARY, ETC.
Summary, etc Ummachu is in love with Mayan, her childhood friend. But much to her dislike, she is married to a rich, but timid Beeran making her marriage unhappy. Mayan manhandles the old man, the 'village historian,' who is supposed to have been instrumental in conducting Ummachu's marriage with Beeran.
650 ## - SUBJECT ADDED ENTRY--TOPICAL TERM
Topical Term NOVEL
942 ## - ADDED ENTRY ELEMENTS (KOHA)
Koha item type Books
Holdings
Withdrawn status Lost status Collection code Home library Current library Shelving location Date acquired Source of acquisition Cost, normal purchase price Full call number Accession Number Koha item type
    Non-fiction Main Library Main Library NEW SHELF WITH NEW ENTRY 27/09/2023 Purchase 240.00 823 URO/U 12856 Books